<?xml version="1.0" encoding="UTF-8"?>
<record
    xmlns:xsi="http://www.w3.org/2001/XMLSchema-instance"
    xsi:schemaLocation="http://www.loc.gov/MARC21/slim http://www.loc.gov/standards/marcxml/schema/MARC21slim.xsd"
    xmlns="http://www.loc.gov/MARC21/slim">

  <leader>00775nam a22001337a 4500</leader>
  <datafield tag="040" ind1=" " ind2=" ">
    <subfield code="c">RUA</subfield>
  </datafield>
  <datafield tag="082" ind1=" " ind2=" ">
    <subfield code="a">AGR NOU 2012 B050 Or.1</subfield>
  </datafield>
  <datafield tag="100" ind1=" " ind2=" ">
    <subfield code="a">NOU, SOTHEARITH</subfield>
  </datafield>
  <datafield tag="245" ind1=" " ind2=" ">
    <subfield code="a">Effect of cutting shoot on yield of different varieties of cowpea (vigna unguiculata (l). at royal university of agriculture, &#x17A5;&#x1791;&#x17D2;&#x1791;&#x17B7;&#x1796;&#x179B;&#x1793;&#x17C3;&#x1780;&#x17B6;&#x179A;&#x1780;&#x17B6;&#x178F;&#x17CB;&#x178F;&#x17D2;&#x179A;&#x17BD;&#x1799;&#x1791;&#x17C5;&#x179B;&#x17BE;&#x1791;&#x17B7;&#x1793;&#x17D2;&#x1793;&#x1795;&#x179B;&#x1793;&#x17C3;&#x1796;&#x17BC;&#x1787;&#x179F;&#x178E;&#x17D2;&#x178F;&#x17C2;&#x1780;&#x17A2;&#x1784;&#x17D2;&#x1782;&#x17BB;&#x1799;(vigna unguiculata(l). walp)&#x1795;&#x17D2;&#x179F;&#x17C1;&#x1784;&#x17D7;&#x1782;&#x17D2;&#x1793;&#x17B6;&#x1793;&#x17C5;&#x179F;&#x17B6;&#x1780;&#x179B;&#x179C;&#x17B7;&#x1791;&#x17D2;&#x1799;&#x17B6;&#x179B;&#x17D0;&#x1799;&#x1797;&#x17BC;&#x1798;&#x17B7;&#x1793;&#x17D2;&#x1791;&#x1780;&#x179F;&#x17B7;&#x1780;&#x1798;&#x17D2;&#x1798;</subfield>
  </datafield>
  <datafield tag="260" ind1=" " ind2=" ">
    <subfield code="a">Phnom Penh</subfield>
    <subfield code="b">RUA</subfield>
    <subfield code="c">2012</subfield>
  </datafield>
  <datafield tag="300" ind1=" " ind2=" ">
    <subfield code="a"> xi; 53p.</subfield>
    <subfield code="b">ill.</subfield>
    <subfield code="c">29cm.</subfield>
  </datafield>
  <datafield tag="856" ind1=" " ind2=" ">
    <subfield code="u">https://drive.google.com/file/d/1L4w-Drrpi8xIOEXIu4cWwAuHcHSOI2rA/view?usp=sharing</subfield>
  </datafield>
  <datafield tag="942" ind1=" " ind2=" ">
    <subfield code="c">AGR</subfield>
  </datafield>
  <datafield tag="999" ind1=" " ind2=" ">
    <subfield code="c">1608</subfield>
    <subfield code="d">1608</subfield>
  </datafield>
  <datafield tag="952" ind1=" " ind2=" ">
    <subfield code="0">0</subfield>
    <subfield code="1">0</subfield>
    <subfield code="2">ddc</subfield>
    <subfield code="4">0</subfield>
    <subfield code="6">AGR_NOU_2012_000000000000000_B050_OR_1</subfield>
    <subfield code="7">0</subfield>
    <subfield code="9">7194</subfield>
    <subfield code="a">LBB</subfield>
    <subfield code="b">LBB</subfield>
    <subfield code="c">B050</subfield>
    <subfield code="d">2015-10-01</subfield>
    <subfield code="o">AGR NOU 2012 B050 Or.1</subfield>
    <subfield code="p">RUA001048</subfield>
    <subfield code="r">2015-10-01</subfield>
    <subfield code="w">2015-10-01</subfield>
    <subfield code="y">AGR</subfield>
  </datafield>
  <datafield tag="952" ind1=" " ind2=" ">
    <subfield code="0">0</subfield>
    <subfield code="1">0</subfield>
    <subfield code="2">ddc</subfield>
    <subfield code="4">0</subfield>
    <subfield code="6">AGR_NOU_2012_000000000000000_B050_OR_2</subfield>
    <subfield code="7">0</subfield>
    <subfield code="9">7195</subfield>
    <subfield code="a">LBB</subfield>
    <subfield code="b">LBB</subfield>
    <subfield code="c">B050</subfield>
    <subfield code="d">2015-10-01</subfield>
    <subfield code="o">AGR NOU 2012 B050 Or.2</subfield>
    <subfield code="p">RUA001047</subfield>
    <subfield code="r">2015-10-01</subfield>
    <subfield code="w">2015-10-01</subfield>
    <subfield code="y">AGR</subfield>
  </datafield>
  <datafield tag="952" ind1=" " ind2=" ">
    <subfield code="0">0</subfield>
    <subfield code="1">0</subfield>
    <subfield code="2">ddc</subfield>
    <subfield code="4">0</subfield>
    <subfield code="6">AGR_NOU_2012_000000000000000_B050_OR_3</subfield>
    <subfield code="7">0</subfield>
    <subfield code="9">7196</subfield>
    <subfield code="a">LBB</subfield>
    <subfield code="b">LBB</subfield>
    <subfield code="c">B050</subfield>
    <subfield code="d">2015-10-01</subfield>
    <subfield code="l">1</subfield>
    <subfield code="o">AGR NOU 2012 B050 Or.3</subfield>
    <subfield code="p">RUA001046</subfield>
    <subfield code="r">2020-01-21</subfield>
    <subfield code="s">2019-12-28</subfield>
    <subfield code="w">2015-10-01</subfield>
    <subfield code="y">AGR</subfield>
  </datafield>
  <datafield tag="952" ind1=" " ind2=" ">
    <subfield code="0">0</subfield>
    <subfield code="1">0</subfield>
    <subfield code="2">ddc</subfield>
    <subfield code="4">0</subfield>
    <subfield code="6">AGR_NOU_2012_000000000000000_B050_OR_4</subfield>
    <subfield code="7">0</subfield>
    <subfield code="9">7197</subfield>
    <subfield code="a">LBB</subfield>
    <subfield code="b">LBB</subfield>
    <subfield code="c">B050</subfield>
    <subfield code="d">2015-10-01</subfield>
    <subfield code="o">AGR NOU 2012 B050 Or.4</subfield>
    <subfield code="p">RUA001045</subfield>
    <subfield code="r">2015-10-01</subfield>
    <subfield code="w">2015-10-01</subfield>
    <subfield code="y">AGR</subfield>
  </datafield>
  <datafield tag="952" ind1=" " ind2=" ">
    <subfield code="0">0</subfield>
    <subfield code="1">0</subfield>
    <subfield code="2">ddc</subfield>
    <subfield code="4">0</subfield>
    <subfield code="6">AGR_NOU_2012_000000000000000_B050_OR_5</subfield>
    <subfield code="7">0</subfield>
    <subfield code="9">7198</subfield>
    <subfield code="a">LBB</subfield>
    <subfield code="b">LBB</subfield>
    <subfield code="c">B050</subfield>
    <subfield code="d">2015-10-01</subfield>
    <subfield code="o">AGR NOU 2012 B050 Or.5</subfield>
    <subfield code="r">2015-10-01</subfield>
    <subfield code="w">2015-10-01</subfield>
    <subfield code="y">AGR</subfield>
  </datafield>
  <datafield tag="952" ind1=" " ind2=" ">
    <subfield code="0">0</subfield>
    <subfield code="1">0</subfield>
    <subfield code="2">ddc</subfield>
    <subfield code="4">0</subfield>
    <subfield code="6">AGR_NOU_2012_000000000000000_B050_OR_6</subfield>
    <subfield code="7">0</subfield>
    <subfield code="9">7199</subfield>
    <subfield code="a">LBB</subfield>
    <subfield code="b">LBB</subfield>
    <subfield code="c">B050</subfield>
    <subfield code="d">2015-10-01</subfield>
    <subfield code="o">AGR NOU 2012 B050 Or.6</subfield>
    <subfield code="p">RUA001043</subfield>
    <subfield code="r">2015-10-01</subfield>
    <subfield code="w">2015-10-01</subfield>
    <subfield code="y">AGR</subfield>
  </datafield>
</record>
